Rahsia pelajar cemerlang

Bibliographic Details
Main Author: Toh Hon Leong
Corporate Author: Title
Format: Book
Published: Kuala Lumpur : Utusan Publications & Distributors , 2004
Series:Siri motivasi dan kecemerlangan Utusan
Subjects:

MARC

LEADER 00000cam a2200000 7i4500
001 0000012782
005 20160330.0
008 080102
020 |a 9676110256 
090 0 0 |a 371.30281   |b TOH 
100 0 |a Toh Hon Leong 
245 1 0 |a Rahsia pelajar cemerlang   |c Toh Hon Leong 
260 |a Kuala Lumpur :   |b Utusan Publications & Distributors ,   |c 2004 
440 |a Siri motivasi dan kecemerlangan Utusan 
500 |a Teenager ages 13-18 years old (blue) 
650 0 |a Study skill 
650 0 |a Success 
710 0 |a Title 
999 |a 0001010807   |b Book   |c Adult Collection   |e Perbadanan Perpustakaan Awam Johor 
999 |a 0001010808   |b Book   |c Adult Collection   |e Perbadanan Perpustakaan Awam Johor 
999 |a 0001010809   |b Book   |c Adult Collection   |e Cawangan Taman Sri Lambak